[Event "It (open)"]
[Site "masterchessopen.com Las Vegas (USA)"]
[Round "2"]
[White "Marrero Denis (USA)"]
[Black "Baca J"]
[Result "1-0"]
[WhiteElo "2238"]
[BlackElo "1920"]

1.d4 Nf6 2.c4 e6 3.Nc3 Bb4 4.e3 b6 5.Ne2 Ba6 6.a3 Bxc3+ 7.Nxc3 d5 8.Qf3 Bb7
9.Bd3 Nbd7 10.cxd5 exd5 11.O-O O-O 12.b4 c5 13.bxc5 bxc5 14.Rb1 Qc7 15.Bd2 c4
16.Bc2 Bc6 17.Qg3 Qxg3 18.hxg3 Rab8 19.f3 Rfe8 20.Rfe1 Rxb1 21.Rxb1 Rb8
22.Rxb8+ Nxb8 23.e4 h6 24.Bf4 Nbd7 25.Be5 Nxe5 26.dxe5 d4 27.exf6 dxc3 28.fxg7
Kxg7 29.Kf2 Kf6 30.Ke3 Ke5 31.f4+ Kd6 32.Kd4 Bb5 33.a4 Ba6 34.e5+ Kc6 35.f5
Kd7 36.Kxc3 Bb7 37.Kxc4 Bxg2 38.Kd4 Ke7 39.Be4 Bf1 40.f6+ Ke8 41.Kc5 Bh3
42.Kd6 Be6 43.Bc6+ Kd8 44.Bd5 Bxd5 45.Kxd5 Kd7 46.a5 h5 47.a6 {#r} 1-0

[Event "Cup Glorney (b)"]
[Site "masterchessopen.com Oakham (England)"]
[Round "3"]
[White "Benitah Yohan (FRA)"]
[Black "Dyce Andrew (WLS)"]
[Result "1-0"]
[WhiteElo "2350"]
[BlackElo "2150"]

1.d4 Nf6 2.c4 e6 3.Nc3 Bb4 4.e3 b6 5.Ne2 Ba6 6.a3 Bxc3+ 7.Nxc3 d5 8.b3 c5
9.Be2 O-O 10.O-O cxd4 11.exd4 Nc6 12.Be3 Rc8 13.Rc1 e5 14.dxe5 Nxe5 15.Bd4 Re8
16.f4 Ned7 17.Bg4 dxc4 18.Bxf6 Nxf6 19.Bxc8 Qxc8 20.b4 Bb7 21.Re1 Rd8 22.Qe2
Rd3 23.Nb1 h6 24.Qxd3 cxd3 25.Rxc8+ Bxc8 26.Nd2 Be6 27.Re3 Bf5 28.Re7 Bd7
29.h3 a5 30.bxa5 bxa5 31.Re3 {#r} 1-0

[Event "It (open)"]
[Site "masterchessopen.com Spree (Germany)"]
[Round "6"]
[White "Kiesekamp Marcos (GER)"]
[Black "Steinmetz Andreas (GER)"]
[Result "1-0"]
[WhiteElo "2315"]
[BlackElo "2007"]

1.d4 Nf6 2.c4 e6 3.Nc3 Bb4 4.e3 b6 5.Ne2 Ba6 6.a3 Bxc3+ 7.Nxc3 d5 8.b3 O-O
9.Bd3 dxc4 10.bxc4 Nc6 11.Bb2 Na5 12.Qe2 Nd7 13.Rd1 Qe7 14.O-O f5 15.e4 f4
16.e5 f3 17.gxf3 Qg5+ 18.Kh1 Qh5 19.Nb5 Rf4 20.Rg1 Nc5 21.Nxc7 Nxd3 22.Rxd3
Bb7 23.Rxg7+ Kh8 24.Nxe6 Rh4 25.Rg2 Rg8 26.Qe3 Rxg2 27.Kxg2 Rxh2+ 28.Kf1 Qg6
29.Ke2 Qg1 30.Rd1 Qg3 31.Rh1 Nxc4 32.Rxh2 Qxh2 33.Qg5 Bxf3+ 34.Kxf3 Qh3+
35.Ke2 Qxe6 36.d5 Qg6 37.Qd8+ Qg8 38.e6+ Nxb2 39.e7 {#r} 1-0

[Event "It (cat.7)"]
[Site "masterchessopen.com St. Petersburg (Russia)"]
[Round "9"]
[White "Norri Joose (FIN)"]
[Black "Yemelin Vasily (RUS)"]
[Result "0-1"]
[WhiteElo "2430"]
[BlackElo "2480"]

1.d4 Nf6 2.c4 e6 3.Nc3 Bb4 4.e3 b6 5.Ne2 Ba6 6.Ng3 Bxc3+ 7.bxc3 d5 8.Ba3 Bxc4
9.Bxc4 dxc4 10.O-O h5 11.Qf3 Qd5 12.e4 Qg5 13.Rfe1 Nc6 14.Rab1 h4 15.Nf1 h3
16.g3 Qa5 17.Ne3 Qxc3 18.Bb2 Nxd4 19.Qd1 Qxe1+ {#R} 0-1

[Event "It (cat.7)"]
[Site "masterchessopen.com St. Petersburg (Russia)"]
[Round "3"]
[White "Savon Vladimir A (UKR)"]
[Black "Yemelin Vasily (RUS)"]
[Result "0-1"]
[WhiteElo "2465"]
[BlackElo "2480"]

1.d4 Nf6 2.c4 e6 3.Nc3 Bb4 4.e3 b6 5.Ne2 Ba6 6.a3 Bxc3+ 7.Nxc3 d5 8.b3 Nc6
9.Bb2 O-O 10.Rc1 Na5 11.Nb1 dxc4 12.bxc4 c5 13.Nd2 cxd4 14.exd4 Re8 15.Be2 Nd5
16.g3 Ne7 17.O-O Nf5 18.Ne4 Nc6 19.d5 exd5 20.cxd5 Bxe2 21.Qxe2 Nfd4 22.Qd1
Rxe4 23.dxc6 Ne2+ 24.Kg2 Nxc1 25.Bxc1 Qxd1 26.Rxd1 Rc4 {#R} 0-1

[Event "Tournament (qual)"]
[Site "masterchessopen.com Baku (Azerbaijan)"]
[Round "0"]
[White "Bagirov Rufat (AZE)"]
[Black "Allahverdiev Anar (AZE)"]
[Result "0-1"]
[WhiteElo "2470"]
[BlackElo "2455"]

1.d4 Nf6 2.c4 e6 3.Nc3 Bb4 4.e3 b6 5.Ne2 Ba6 6.a3 Be7 7.Nf4 d5 8.cxd5 Bxf1
9.Kxf1 exd5 10.g4 c6 11.g5 Ne4 12.h4 Bd6 13.Qg4 Qd7 14.Qxd7+ Nxd7 15.Nfe2
O-O-O 16.f3 Nxc3 17.Nxc3 h6 18.e4 hxg5 19.Bxg5 f6 20.Be3 dxe4 21.Nxe4 Bb8
22.Kf2 Nf8 23.Nc3 Ne6 24.Ne2 Rh5 25.Rhg1 Rdh8 26.Rg4 Kd7 27.d5 cxd5 28.Nd4 g5
29.Nxe6 Kxe6 30.Re1 gxh4 {#R} 0-1

[Event "Ch Finland (team) 1997/98"]
[Site "masterchessopen.com Finland"]
[Round "7"]
[White "Toikkanen Vesa (FIN)"]
[Black "Paavilainen Jorma (FIN)"]
[Result "0-1"]
[WhiteElo "2074"]
[BlackElo "2315"]

1.d4 Nf6 2.c4 e6 3.Nc3 Bb4 4.e3 b6 5.Ne2 Ba6 6.a3 Bxc3+ 7.Nxc3 d5 8.b4 O-O
9.Qf3 c6 10.b5 Bb7 11.cxd5 c5 12.Bd3 Nbd7 13.O-O {#R} 0-1

[Event "Bayern Regionalliga Southeast"]
[Site "masterchessopen.com Germany"]
[Round "6"]
[White "Riehl Joerg"]
[Black "Dost Andreas (GER)"]
[Result "0-1"]
[WhiteElo "2000"]
[BlackElo "2023"]

1.d4 Nf6 2.c4 e6 3.Nc3 Bb4 4.e3 b6 5.Ne2 Ba6 6.a3 Be7 7.Nf4 O-O 8.b4 d6 9.Bb2
Bb7 10.Qc2 c5 11.Rd1 Nbd7 12.Be2 Qc7 13.O-O cxd4 14.Nb5 Qb8 15.exd4 d5 16.Bc1
a6 17.Nc3 Bd6 18.g3 dxc4 19.Bxc4 Qc7 20.Bd3 Rac8 21.Bd2 e5 22.dxe5 Nxe5 23.Be2
Nf3+ 24.Bxf3 Bxf3 25.Rc1 Bxf4 26.Bxf4 Qd7 27.Qd1 Bxd1 28.Rcxd1 Qh3 29.Nd5 Ng4
{#R} 0-1

[Event "Bundesliga (2nd) East 1997/98"]
[Site "masterchessopen.com Germany"]
[Round "0"]
[White "Priehoda Vitezslav (CZE)"]
[Black "Goehring Karl-Heinz (GER)"]
[Result "0-1"]
[WhiteElo "2370"]
[BlackElo "2335"]

1.d4 Nf6 2.c4 e6 3.Nc3 Bb4 4.e3 b6 5.Ne2 Ba6 6.a3 Bxc3+ 7.Nxc3 d5 8.cxd5 Bxf1
9.Kxf1 exd5 10.Qf3 O-O 11.Bd2 Nc6 12.b4 Qd7 13.Rc1 Rfe8 14.Qd1 Ne7 15.Qc2 Rac8
16.Ne2 Ne4 17.Ng3 Nd6 18.Rd1 c5 19.dxc5 bxc5 20.Qd3 c4 21.Qc2 d4 22.exd4 Nd5
23.h3 f5 24.Ne2 Nb5 25.Qc1 c3 26.Be3 Qc6 27.Kg1 Qc4 28.Re1 Qb3 29.Kh2 Nxa3
30.Ng3 Rf8 31.Bg5 Nc2 32.Re5 Ncxb4 33.Nxf5 Nd3 {#R} 0-1

[Event "Bundesliga 1997/98"]
[Site "masterchessopen.com Germany"]
[Round "0"]
[White "Kitte Sebastian (GER)"]
[Black "Becker Marc (GER)"]
[Result "0-1"]
[WhiteElo "2330"]
[BlackElo "2420"]

1.d4 Nf6 2.c4 e6 3.Nc3 Bb4 4.e3 b6 5.Ne2 Ba6 6.a3 Bxc3+ 7.Nxc3 d5 8.b3 O-O
9.Bd3 Nc6 10.cxd5 Bxd3 11.Qxd3 exd5 12.O-O Re8 13.Ne2 Qd7 14.Ra2 Nd8 15.Rc2
Ne6 16.Bb2 c5 17.Qd1 Ne4 18.dxc5 N4xc5 19.Rd2 Rad8 20.Nd4 Nxd4 21.Rxd4 Re4
22.b4 Ne6 23.Rd3 Qc6 24.Qd2 Rc4 25.Rc1 Rc8 26.Rcc3 b5 27.f3 h6 28.Ba1 Qc7
29.Bb2 d4 30.Rb3 Rc2 31.Qe1 dxe3 32.Qxe3 Nf4 33.Rd2 Qc4 34.Rxc2 Qxc2 35.Qxf4
Qxb3 36.Qd4 f6 37.h3 a6 38.Kh2 Qc4 39.Qe3 Qc7+ 40.f4 Qc6 41.Qb3+ Qc4 42.Qg3
Qe6 43.Qd3 Re8 44.Qg3 Qf5 {#R} 0-1

[Event "Ch Hungary (team) 1998/99"]
[Site "masterchessopen.com Hungary"]
[Round "0"]
[White "Dumitrache Dragos-Nicolae (ROM)"]
[Black "Emodi Barnabas (HUN)"]
[Result "0-1"]
[WhiteElo "2420"]
[BlackElo "2400"]

1.d4 Nf6 2.c4 e6 3.Nc3 Bb4 4.e3 b6 5.Ne2 Ba6 6.a3 Be7 7.Nf4 O-O 8.e4 d6 9.Be2
c6 10.d5 e5 11.Nh3 cxd5 12.cxd5 Bxe2 13.Qxe2 Nbd7 14.b4 Qc7 15.Bd2 Rfc8 16.f3
a6 17.Nf2 b5 18.Nfd1 Nb6 19.Nb2 Nfd7 20.Rc1 Qb7 21.O-O Nc4 22.Nxc4 Rxc4 23.Nb1
Nb6 24.Rxc4 Nxc4 25.Rc1 Rc8 26.Rc2 Bd8 27.Be1 Bb6+ 28.Bf2 Rc7 29.Bxb6 Qxb6+
30.Qf2 Qb8 31.h3 h6 32.Kh2 Qc8 33.Rc3 f5 34.Qc2 fxe4 35.fxe4 Qf8 36.Rf3 Rf7
37.Qf2 Rf4 38.Rxf4 exf4 39.Qf3 {#R} 0-1

[Event "It \"]
[Site "masterchessopen.com Moscow (Russia)"]
[Round "7"]
[White "Gaprindashvili Valeriane (GEO)"]
[Black "Kunin Vitaly (GER)"]
[Result "1-0"]
[WhiteElo "2405"]
[BlackElo "2290"]

1.d4 Nf6 2.c4 e6 3.Nc3 Bb4 4.e3 b6 5.Ne2 Ba6 6.Ng3 O-O 7.Qf3 Bxc3+ 8.bxc3 Nc6
9.e4 Ne8 10.Bd3 Na5 11.Qe2 c5 12.O-O Rc8 13.d5 Qh4 14.f4 Nf6 15.Rf3 Ng4 16.h3
Nh6 17.f5 exf5 18.Bxh6 fxe4 19.Nf5 exf3 20.Qxf3 Qf6 21.Bxg7 Qg6 22.Ne7+ Kxg7
23.Bxg6 fxg6 24.Qg3 Rce8 25.Qe5+ Kh6 26.g4 Bxc4 27.g5+ Kh5 28.Qg3 Be2 29.Re1
Bf3 30.Re4 {#r} 1-0

[Event "It (cat.8)"]
[Site "masterchessopen.com New York (USA)"]
[Round "6"]
[White "Kacheishvili Giorgi (GEO)"]
[Black "Burnett Ronald (USA)"]
[Result "1-0"]
[WhiteElo "2510"]
[BlackElo "2395"]

1.d4 Nf6 2.c4 e6 3.Nc3 Bb4 4.e3 b6 5.Ne2 Ba6 6.a3 Bxc3+ 7.Nxc3 d5 8.b3 O-O
9.Be2 Qd7 10.O-O Nc6 11.cxd5 Bxe2 12.Nxe2 exd5 13.Qd3 a5 14.Nc3 Nd8 15.Rd1 Ne6
16.Bb2 Ne8 17.Rac1 f5 18.f3 c6 19.a4 N8c7 20.Ba3 Rf7 21.Rd2 f4 22.Nd1 fxe3
23.Nxe3 Nf4 24.Qc2 Re8 25.Ng4 Re6 26.Ne5 Rxe5 27.dxe5 c5 28.Bxc5 bxc5 29.Qxc5
Qf5 30.Re1 Nce6 31.Qxa5 h5 32.Qa6 Nc5 33.Qb5 Nfd3 34.e6 Rb7 35.e7 Nxe1
36.e8=Q+ Kh7 37.Qxe1 {#r} 1-0

[Event "Ch Russia (1/2 final)"]
[Site "masterchessopen.com Novosibirsk (Russia)"]
[Round "1"]
[White "Averchenko Sergej (RUS)"]
[Black "Eismont Oleg (RUS)"]
[Result "0-1"]
[WhiteElo "2265"]
[BlackElo "2465"]

1.d4 Nf6 2.c4 e6 3.Nc3 Bb4 4.e3 b6 5.Ne2 Ba6 6.a3 Bxc3+ 7.Nxc3 d5 8.b3 O-O
9.Be2 Nc6 10.O-O dxc4 11.bxc4 Na5 12.c5 Bxe2 13.Nxe2 bxc5 14.Qa4 Nb7 15.Rb1
Qc8 16.Qc6 Rb8 17.dxc5 Na5 18.Rxb8 Nxc6 19.Rxc8 Rxc8 20.Bb2 Rb8 21.Bxf6 gxf6
22.Rc1 Rb2 23.Kf1 Kf8 24.f4 f5 25.Rc3 Ke7 26.h3 h6 27.Kf2 Na5 28.Kf1 Nb3
29.Nd4 Nd2+ 30.Kg1 Rb1+ 31.Kh2 Nf1+ 32.Kg1 Nxe3+ 33.Kf2 Nd5 34.Rc4 Rb2+ {#R}
0-1

[Event "It (open)"]
[Site "masterchessopen.com Rio de Janeiro (Brazil)"]
[Round "6"]
[White "Alvarez Johan (VEN)"]
[Black "Esplana Christian (PER)"]
[Result "0-1"]
[WhiteElo "2200"]
[BlackElo "2200"]

1.d4 Nf6 2.c4 e6 3.Nc3 Bb4 4.e3 b6 5.Ne2 Ba6 6.a3 Be7 7.Nf4 d5 8.Qa4+ c6
9.cxd5 Bxf1 10.dxe6 b5 11.exf7+ Kxf7 12.Qc2 Bc4 13.g4 g6 14.g5 Nd5 15.b3 Nxf4
16.bxc4 Ne6 17.cxb5 Nxg5 18.f4 Nf3+ 19.Ke2 Nh4 20.Qb3+ Kg7 21.Bb2 Bf6 22.d5
cxb5 23.Ne4 Nd7 24.Nxf6 Nxf6 25.Rac1 Rc8 26.e4 Re8 27.Be5 Kf8 28.Qxb5 Nd7
29.d6 Rb8 30.Qd5 Nxe5 31.fxe5 Rb2+ 32.Kd3 Qg5 33.Rc2 Rxc2 34.Rf1+ Nf5 35.Kxc2
Qg2+ 36.Kb3 Qxf1 37.exf5 Qxf5 38.d7 Rd8 39.Qd6+ Kf7 40.Qd5+ Qe6 {#R} 0-1

[Event "It (sheveningen)"]
[Site "masterchessopen.com Budapest (Hungary)"]
[Round "0"]
[White "Smirnov Alexei (RUS)"]
[Black "Harmatosi Jozsef (HUN)"]
[Result "0-1"]
[WhiteElo "2296"]
[BlackElo "2249"]

1.d4 Nf6 2.c4 e6 3.Nc3 Bb4 4.e3 b6 5.Ne2 Ba6 6.a3 Bxc3+ 7.Nxc3 d5 8.cxd5 Bxf1
9.Kxf1 exd5 10.g4 O-O 11.g5 Ne4 12.Nxe4 dxe4 13.Qg4 Re8 14.Kg2 Nc6 15.b4 Qd5
16.h4 a5 17.Bd2 Nxd4 18.exd4 e3+ 19.Qf3 Qxf3+ 20.Kxf3 exd2 21.Rhd1 axb4
22.axb4 Rxa1 23.Rxa1 f5 24.Rd1 Re4 25.Rxd2 Rxh4 26.Ke3 Re4+ 27.Kd3 Kf7 28.Rc2
Re7 29.Rc6 Ke8 30.b5 Kd7 31.d5 Re1 32.Kd4 f4 33.Rc3 Rg1 34.Rh3 Rxg5 35.Rxh7
Kd6 36.Ke4 f3 37.Rh8 Re5+ 38.Kxf3 Kxd5 39.Rg8 Re7 40.Rh8 c5 41.Rb8 Re6 42.Rc8
Kc4 43.Rc6 Rf6+ {#R} 0-1

[Event "Ch Paulista (final)"]
[Site "masterchessopen.com Americana (Brazil)"]
[Round "3"]
[White "Loureiro Luiz (BRA)"]
[Black "Milos Gilberto (BRA)"]
[Result "0-1"]
[WhiteElo "2365"]
[BlackElo "2586"]

1.d4 Nf6 2.c4 e6 3.Nc3 Bb4 4.e3 b6 5.Ne2 Ba6 6.a3 Bxc3+ 7.Nxc3 d5 8.Qf3 O-O
9.b4 c5 10.b5 Bb7 11.Bb2 cxd4 12.exd4 Nbd7 13.cxd5 Rc8 14.Bd3 Nxd5 15.O-O N7f6
16.Ne4 Rc7 17.Rfc1 Rd7 18.Rd1 h6 19.Rac1 Qa8 20.Nxf6+ Nxf6 21.Qg3 Nh5 22.Qg4
Rd5 23.h4 Qd8 24.Bc4 Nf6 25.Qg3 Rd7 26.d5 exd5 27.Rd3 Nh5 28.Qg4 f5 29.Qxh5
dxc4 30.Rxd7 Qxd7 31.Rxc4 Bxg2 32.Qg6 Ba8 33.Kh2 Qe7 34.Kg3 Be4 35.Kh3 Bd3
36.Rd4 Bxb5 37.Qd6 Qe2 38.Qd5+ Kh7 39.Rb4 Be8 40.Qe5 Qf1+ 41.Kg3 f4+ 42.Rxf4
Qg1+ 43.Kf3 Bc6+ 44.Ke3 Re8 {#R} 0-1

[Event "It (open)"]
[Site "masterchessopen.com Antwerpen (Belgium)"]
[Round "7"]
[White "Avrukh Boris (ISR)"]
[Black "Barsov Alexei (UZB)"]
[Result "1-0"]
[WhiteElo "2588"]
[BlackElo "2539"]

1.d4 Nf6 2.c4 e6 3.Nc3 Bb4 4.e3 b6 5.Ne2 Ba6 6.a3 Bxc3+ 7.Nxc3 d5 8.b3 Nc6
9.a4 O-O 10.Be2 dxc4 11.Ba3 Re8 12.bxc4 e5 13.d5 Na5 14.Nb5 Bxb5 15.axb5 Nb7
16.Bb4 Nd7 17.Ra3 Nbc5 18.Qa1 a5 19.bxa6 Ra7 20.O-O Qg5 21.f4 Qg6 22.fxe5 Rxe5
23.Bxc5 Rg5 24.Bf3 Nxc5 25.h4 Rf5 26.e4 Nxe4 27.Re1 Nf6 28.c5 h5 29.cxb6 cxb6
30.Qc1 Kh7 31.Qc8 Rf4 32.d6 Nd7 33.Qc6 Rd4 34.Be4 f5 35.Bd5 Qf6 36.Be6 Ne5
37.Qe8 Rxd6 38.Qxh5+ Qh6 39.Qxh6+ {#r} 1-0

[Event "Cup Mitropa"]
[Site "masterchessopen.com Baden (Switzerland)"]
[Round "6"]
[White "Benitah Yohan (FRA)"]
[Black "Cvek Robert (CZE)"]
[Result "0-1"]
[WhiteElo "2381"]
[BlackElo "2444"]

1.d4 Nf6 2.c4 e6 3.Nc3 Bb4 4.e3 b6 5.Ne2 Ba6 6.Ng3 O-O 7.e4 d5 8.e5 Ne4 9.Nxe4
dxe4 10.Qa4 c5 11.dxc5 Bxc3+ 12.bxc3 Qc7 13.Bf4 Qxc5 14.Be2 Qc6 15.Qb4 Qc7
16.Qd6 Qxd6 17.exd6 Nd7 18.c5 Nxc5 19.Bxa6 Nxa6 20.Ke2 Nc5 21.Rhd1 Nd7 22.Ke3
f5 23.Bg5 Rfc8 24.Rac1 Rc4 25.Rd4 Rac8 26.Rxc4 Rxc4 27.f3 exf3 28.gxf3 e5
29.Kd3 Ra4 30.Rc2 Kf7 31.Kd2 Ke6 32.Be7 Nc5 33.Ke2 g6 34.Rd2 Ra5 35.Kf2 Nd7
36.Kg3 Rc5 37.Rd3 Rc4 38.Kh3 Nc5 39.Re3 Nb7 40.Rd3 Rc6 {#R} 0-1

[Event "It"]
[Site "masterchessopen.com Bagneux (France)"]
[Round "8"]
[White "Sellos Didier (FRA)"]
[Black "Guedon Stephane (FRA)"]
[Result "1-0"]
[WhiteElo "2372"]
[BlackElo "2351"]

1.d4 Nf6 2.c4 e6 3.Nc3 Bb4 4.e3 b6 5.Ne2 Ba6 6.a3 Be7 7.Nf4 d5 8.cxd5 Bxf1
9.Kxf1 exd5 10.Bd2 c6 11.Rc1 O-O 12.Qf3 Re8 13.g4 Bd6 14.Nce2 Ne4 15.Be1 Qd7
16.h4 Na6 17.g5 Nc7 18.Qh3 Qd8 19.Rxc6 Bxf4 20.Nxf4 Ne6 21.Nxe6 Qd7 22.Nxg7
Qxc6 23.Nxe8 Rxe8 24.Qf5 Qc1 25.Kg2 Qxb2 26.Qd7 Re6 27.Qd8+ Kg7 28.h5 h6
29.gxh6+ Rxh6 30.Qxd5 Nf6 31.Qg5+ Kh7 32.Qf5+ Kh8 33.Bb4 Qe2 34.Bf8 Ng4
35.Bxh6 {#r} 1-0

[Event "It (cat.14)"]
[Site "masterchessopen.com Biel (Switzerland)"]
[Round "10"]
[White "Avrukh Boris (ISR)"]
[Black "Bunzmann Dimitrij (GER)"]
[Result "1-0"]
[WhiteElo "2588"]
[BlackElo "2596"]

1.d4 Nf6 2.c4 e6 3.Nc3 Bb4 4.e3 b6 5.Ne2 Ba6 6.a3 Bxc3+ 7.Nxc3 d5 8.b3 O-O
9.Be2 Nbd7 10.O-O c5 11.a4 Re8 12.Nb5 cxd4 13.exd4 e5 14.Nd6 Rf8 15.Ba3 exd4
16.Qxd4 Nc5 17.Bxc5 bxc5 18.Qxc5 Qe7 19.Bf3 Rac8 20.Qa3 Rcd8 21.Nb5 Qxa3
22.Rxa3 dxc4 23.bxc4 Rc8 24.Rc1 Nd7 25.Nxa7 Rxc4 26.Rxc4 Bxc4 27.Nc6 Re8 28.h3
Ne5 29.Nxe5 Rxe5 30.a5 Ba6 31.Re3 Rxe3 32.fxe3 Kf8 33.Kf2 Ke7 34.Be2 Bxe2
35.Kxe2 Kd6 36.Kf3 Kc5 37.Ke4 Kb5 38.Kd5 Kxa5 39.Kd6 Kb5 40.Ke7 f5 41.Kf7 Kc4
42.Kxg7 Kd3 43.Kxh7 Kxe3 44.Kg6 Kf4 45.h4 Kg4 46.h5 f4 47.h6 Kg3 48.Kg5 {#r}
1-0

[Event "Ch Spain (team) (1 Div)"]
[Site "masterchessopen.com Cala Galdana (Spain)"]
[Round "7"]
[White "Gual Pascual Antonio (ESP)"]
[Black "Franco Ocampos Zenon (PAR)"]
[Result "0-1"]
[WhiteElo "2433"]
[BlackElo "2474"]

1.d4 Nf6 2.c4 e6 3.Nc3 Bb4 4.e3 b6 5.Ne2 Ba6 6.Ng3 Bxc3+ 7.bxc3 d5 8.Ba3 Bxc4
9.Bxc4 dxc4 10.Qa4+ Qd7 11.Qxc4 Qc6 12.Qxc6+ Nxc6 13.c4 O-O-O 14.Rc1 Kb7
15.Ke2 Rd7 16.Rhd1 Rhd8 17.f3 g6 18.Nf1 Ne8 19.Nd2 f5 20.Bb2 f4 21.Nb3 fxe3
22.Kxe3 Nd6 23.g4 h5 24.c5 Nc8 25.gxh5 gxh5 26.Rg1 N8e7 27.cxb6 cxb6 28.Kf2
Nd5 29.Rb1 Rf7 30.Rg3 Ra8 31.a3 Raf8 32.h4 Nce7 33.Ba1 Nf5 34.Nc5+ Kc8 35.Nxe6
Nxg3 36.Nxf8 Ne4+ 37.Kg2 Nd2 {#R} 0-1

[Event "Ch Catalunia (team)"]
[Site "masterchessopen.com Catalunia (Spain)"]
[Round "3"]
[White "Joanpera Morales Antonio (ESP)"]
[Black "Beltran Rueda Santiago (ESP)"]
[Result "0-1"]
[WhiteElo "2370"]
[BlackElo "2344"]

1.d4 Nf6 2.c4 e6 3.Nc3 Bb4 4.e3 b6 5.Ne2 Ba6 6.a3 Bxc3+ 7.Nxc3 d5 8.b3 O-O
9.Be2 Nc6 10.a4 dxc4 11.bxc4 Qd7 12.Ba3 Rfd8 13.O-O Na5 14.Nb5 Ne8 15.Bb2 c6
16.Na3 Qe7 17.Qc2 Rac8 18.e4 e5 19.dxe5 Nc7 20.Rfd1 Ne6 21.Rd6 Rxd6 22.exd6
Qxd6 23.Rd1 Qb4 24.Bg4 Nxc4 25.Bxe6 fxe6 26.Nxc4 Bxc4 27.Bc3 Qc5 28.Rd7 e5
29.Bxe5 Qxe5 30.Qxc4+ Kh8 31.g3 h6 32.Rxa7 c5 33.Rf7 Re8 34.Rf5 Qa1+ 35.Kg2
Qb1 36.Rf4 Qe1 37.h4 Rd8 38.Qe6 Qd2 39.Qxb6 c4 40.Qc7 c3 41.Rf3 c2 42.Rc3 Rf8
43.Qc5 Rxf2+ 44.Qxf2 Qxc3 45.Qf8+ Kh7 46.Qf5+ Kg8 47.Qd5+ Kh8 {#R} 0-1

[Event "Moravian League 1998/99 (1st)"]
[Site "masterchessopen.com Czech Republic"]
[Round "7"]
[White "Hrivnak Daniel (CZE)"]
[Black "Vesselovsky Serguei (CZE)"]
[Result "0-1"]
[WhiteElo "2304"]
[BlackElo "2420"]

1.d4 Nf6 2.c4 e6 3.Nc3 Bb4 4.e3 b6 5.Ne2 Ba6 6.a3 Be7 7.Ng3 d5 8.cxd5 Bxf1
9.Nxf1 exd5 10.Ng3 O-O 11.O-O Re8 12.Bd2 Qd7 13.Rc1 c6 14.Qf3 Na6 15.Rfd1 Nc7
16.Be1 Ne6 17.Nf5 Bd8 18.Qg3 g6 19.f4 Nc7 20.Nh4 Ng4 21.e4 dxe4 22.f5 Nh6
23.fxg6 fxg6 24.d5 Bxh4 25.Qxh4 Nf5 26.Qf4 Nxd5 27.Nxd5 cxd5 28.Rc7 Qe6 29.Bc3
d4 30.Rxd4 Nxd4 {#R} 0-1

[Event "Bundesliga (2nd) West 1999/00"]
[Site "masterchessopen.com Germany"]
[Round "3"]
[White "Handke Florian (GER)"]
[Black "Becker Marc (GER)"]
[Result "1-0"]
[WhiteElo "2361"]
[BlackElo "2413"]

1.d4 Nf6 2.c4 e6 3.Nc3 Bb4 4.e3 b6 5.Ne2 Ba6 6.Ng3 O-O 7.e4 Nc6 8.Bg5 h6 9.h4
d6 10.a3 Bxc3+ 11.bxc3 hxg5 12.hxg5 Re8 13.gxf6 Qxf6 14.Nh5 Qh6 15.Rh3 Kf8
16.Rg3 g6 17.Nf6 Red8 18.Qf3 Ke7 19.e5 Bb7 20.Nd5+ exd5 21.Qf6+ Kd7 22.cxd5
Re8 23.Qxf7+ Re7 24.dxc6+ Bxc6 25.e6+ Kd8 26.Rxg6 Qh4 27.Rg8+ Be8 28.Rxe8+
{#r} 1-0

[Event "Mecklenburg Landesliga 1998/99"]
[Site "masterchessopen.com Germany"]
[Round "0"]
[White "Stelter Felix Dr (GER)"]
[Black "Nocke Thomas (GER)"]
[Result "1-0"]
[WhiteElo "2052"]
[BlackElo "2250"]

1.d4 Nf6 2.c4 e6 3.Nc3 Bb4 4.e3 b6 5.Ne2 Ba6 6.a3 Bxc3+ 7.Nxc3 d5 8.b3 O-O
9.Bd3 Nc6 10.Qc2 Na5 11.Na4 Rc8 12.Bd2 Nb7 13.Rd1 Nd6 14.Bb4 Re8 15.O-O Qd7
16.Nb2 dxc4 17.bxc4 Bb7 18.f3 Nf5 19.Qf2 Rcd8 20.c5 a5 21.Bc3 Nd5 22.Bd2 Nf6
23.cxb6 cxb6 24.Nc4 b5 25.Nxa5 Ra8 26.Rb1 Ba6 27.Nb3 Qa7 28.e4 Ne7 29.Nc5 Rab8
30.a4 Nd7 31.axb5 Bc8 32.Be3 Qa5 33.Qb2 Rd8 34.Rfd1 Nb6 35.Bf4 {#r} 1-0

[Event "It (cat.8)"]
[Site "masterchessopen.com Gonfreville (France)"]
[Round "3"]
[White "Godard Maxence (FRA)"]
[Black "Lepelletier Benoit (FRA)"]
[Result "1-0"]
[WhiteElo "2426"]
[BlackElo "2468"]

1.d4 Nf6 2.c4 e6 3.Nc3 Bb4 4.e3 b6 5.Ne2 Ba6 6.a3 Bxc3+ 7.Nxc3 d5 8.b3 Nc6
9.a4 O-O 10.Bd3 dxc4 11.bxc4 e5 12.d5 e4 13.Be2 Ne5 14.Qd4 Re8 15.Nb5 Bc8
16.O-O Bg4 17.f3 exf3 18.gxf3 Bh3 19.Rf2 c5 20.Qh4 Qd7 21.e4 h6 22.Qf4 Nh5
23.Qd2 g5 24.d6 Re6 25.Qc3 Rd8 26.f4 Nxf4 27.Bxf4 gxf4 28.Kh1 f3 29.Bxf3 a6
30.Nc7 Rxd6 31.Nd5 Rxd5 32.exd5 Qd6 33.Bh5 Bd7 34.Raf1 f5 35.Rg2+ Kh7 36.Re2
Be8 37.Rxe5 Bxh5 38.Rexf5 {#r} 1-0

[Event "It (open)"]
[Site "masterchessopen.com Jamsa (Finland)"]
[Round "4"]
[White "Kauppila Osmo (FIN)"]
[Black "Tolonen Leo (FIN)"]
[Result "0-1"]
[WhiteElo "2293"]
[BlackElo "2328"]

1.d4 e6 2.c4 Nf6 3.Nc3 Bb4 4.e3 b6 5.Ne2 Ba6 6.a3 Bxc3+ 7.Nxc3 d5 8.Qf3 c6
9.cxd5 exd5 10.Bxa6 Nxa6 11.O-O O-O 12.b3 Re8 13.Bb2 Re6 14.b4 Nc7 15.a4 a5
16.Ba3 Ne4 17.Nxe4 dxe4 18.Qe2 axb4 19.Bxb4 Nd5 20.Qd2 Qh4 21.Rfb1 Rg6 22.Qe2
Re8 23.a5 bxa5 24.Rxa5 f5 25.g3 Qh3 26.Qf1 Qxf1+ 27.Kxf1 Rb8 28.Ra4 Nc3
29.Bxc3 Rxb1+ 30.Kg2 Rb7 31.Ra5 Rf7 32.Ra8+ Rf8 33.Ra7 h6 34.Kf1 Rf7 35.Ra5
Rd6 36.Bb4 Rd5 37.Ra8+ Kh7 38.Rc8 Rf6 39.Rc7 Rb5 40.Bc5 Rb8 41.Kg2 Kg8 42.Re7
h5 43.Re5 Kf7 44.Re7+ Kg6 45.Re5 {#R} 0-1

[Event "It \"]
[Site "masterchessopen.com Jyvaskyla (Finland)"]
[Round "0"]
[White "Bagirov Vladimir (LAT)"]
[Black "Nevanlinna Risto (FIN)"]
[Result "1-0"]
[WhiteElo "2471"]
[BlackElo "2270"]

1.d4 Nf6 2.c4 e6 3.Nc3 Bb4 4.e3 b6 5.Ne2 Ba6 6.a3 Bxc3+ 7.Nxc3 d5 8.b3 O-O
9.Bb2 c5 10.dxc5 bxc5 11.Be2 Nc6 12.O-O Rb8 13.Na4 Nd7 14.Rc1 Na5 15.cxd5 Bxe2
16.Qxe2 Nxb3 17.Rcd1 exd5 18.Rxd5 Qh4 19.f4 Qe7 20.Rfd1 Nf6 21.Re5 Qc7 22.Rg5
Ne8 23.Be5 Qc6 24.Bxb8 Qxa4 25.Qc2 c4 26.Rgd5 Qxa3 27.Qxc4 a5 28.Be5 a4 29.h3
Kh8 30.Rd8 Kg8 31.R1d7 Na5 32.Qc3 Nb3 33.Ra7 f6 34.Raa8 {#r} 1-0

[Event "Cup Russia (open)"]
[Site "masterchessopen.com Moscow (Russia)"]
[Round "4"]
[White "Gutov Andrey (RUS)"]
[Black "Yemelin Vasily (RUS)"]
[Result "1-0"]
[WhiteElo "2371"]
[BlackElo "2500"]

1.d4 Nf6 2.c4 e6 3.Nc3 Bb4 4.e3 b6 5.Ne2 Ba6 6.a3 Bxc3+ 7.Nxc3 d5 8.b3 O-O
9.Be2 Nc6 10.a4 Na5 11.Ba3 Re8 12.Rb1 Rc8 13.O-O c5 14.dxc5 bxc5 15.Nb5 Ne4
16.Qc2 Qb6 17.Rfd1 Bb7 18.Bd3 Nf6 19.Bb2 h6 20.Bc3 Red8 21.Qd2 Nxb3 22.Qb2 d4
23.Be1 Na5 24.Qd2 Nc6 25.Nd6 Rxd6 26.Rxb6 axb6 27.f3 Rcd8 28.e4 e5 29.f4 Nd7
30.Bg3 Ra8 31.Ra1 Nb4 32.Be2 d3 33.fxe5 Rd4 34.Bf2 dxe2 35.Bxd4 cxd4 36.Qxb4
d3 37.Kf2 Nxe5 38.Qe7 Ng4+ 39.Ke1 Ba6 40.Qd7 Bxc4 {#r} 1-0